Le Corbusier plans

Uloženo v:
Podrobná bibliografie
Korporativní autor: Fondation Le Corbusier (Autor)
Médium: Kniha
Jazyk:francouzština
angličtina
japonština
Vydáno: París Echelle-1 2005
Vydání:1a. ed
Témata:
Tagy: Přidat tag
Žádné tagy, Buďte první, kdo vytvoří štítek k tomuto záznamu!

MARC

LEADER 00000nam a2200000 a 4500
001 UCI0250
003 CL-VaPUC
005 20240805121241.0
008 070504e20050000FR |||||||||||||||||fre|d
999 |c 325488  |d 325486 
040 |c Pontificia Universidad Católica de Valparaíso 
041 0 7 |a fre  |2 CL-VaPUC 
041 0 7 |a eng  |2 CL-VaPUC 
041 0 7 |a jpn  |2 CL-VaPUC 
082 0 4 |a 724.6  |b FON  |2 21 
110 2 |a Fondation Le Corbusier  |e author  |9 520391 
245 1 0 |a Le Corbusier plans 
250 |a 1a. ed 
260 |a París  |b Echelle-1  |c 2005 
300 |a 12 v 
500 |a Todos los volúmenes incluyen Dvd 
500 |a Volumen 8, incluye 2 Dvd 
500 |a v.1: 1905-1926 
500 |a v.2: 1925-1928 
500 |a v.3: 1926-1930 
500 |a v.4: 1929-1930 
500 |a v.5: 1929-1933 
500 |a v.6: 1933-1936 
500 |a v.7: 1932-1944 
500 |a v.8: 1945 
500 |a v.9: 1945-1949 
500 |a v.10: 1950-1951 
500 |a v.11: 1951-1953 
500 |a v.12: 1951-1952 
583 |a last modification  |c 20130304 04:38:11  |k Rodrigo Vera 
600 0 7 |a Jeanneret, Charles Edouard  |2 CL-VaPUC  |9 520392 
600 0 7 |a Le Corbusier  |d 1887-1965  |9 547939 
650 0 |a Arquitectura moderna  |x Villa contemporánea  |x Proyecto urbanístico  |9 265021 
650 0 |a Planos arquitectónicos  |9 268148  |x Plan Voisin  |z París  |z Francia 
942 |c BK  |2 ddc 
945 |d 20070504 00:00:00  |a cmena 
952 |0 0  |1 0  |4 0  |6 724_600000000000000_FON_2005  |7 0  |8 X  |9 406452  |a BIBARQ  |b BIBARQ  |d 2019-11-22  |h v.1  |i 4337921  |o 724.6 FON 2005  |p 4337921  |r 2025-01-20  |w 2019-11-22  |y BK_X  |k ARQ 
952 |0 0  |1 0  |4 0  |6 724_600000000000000_FON_2005  |7 0  |8 X  |9 406453  |a BIBARQ  |b BIBARQ  |d 2019-11-22  |h v.2  |i 433793K  |o 724.6 FON 2005  |p 433793K  |r 2025-01-20  |w 2019-11-22  |y BK_X  |k ARQ 
952 |0 0  |1 0  |4 0  |6 724_600000000000000_FON_2005  |7 0  |8 X  |9 406454  |a BIBARQ  |b BIBARQ  |d 2019-11-22  |h v.3  |i 4337948  |o 724.6 FON 2005  |p 4337948  |r 2025-01-20  |w 2019-11-22  |y BK_X  |k ARQ 
952 |0 0  |1 0  |4 0  |6 724_600000000000000_FON_2005  |7 0  |8 X  |9 406455  |a BIBARQ  |b BIBARQ  |d 2019-11-22  |h v.4  |i 4337956  |o 724.6 FON 2005  |p 4337956  |r 2025-01-20  |w 2019-11-22  |y BK_X  |k ARQ 
952 |0 0  |1 0  |4 0  |6 724_600000000000000_FON_2005  |7 0  |8 X  |9 406456  |a BIBARQ  |b BIBARQ  |d 2019-11-22  |h v.5  |i 4337964  |o 724.6 FON 2005  |p 4337964  |r 2025-01-20  |w 2019-11-22  |y BK_X  |k ARQ 
952 |0 0  |1 0  |4 0  |6 724_600000000000000_FON_2005  |7 0  |8 X  |9 406457  |a BIBARQ  |b BIBARQ  |d 2019-11-22  |h v.6  |i 4337972  |o 724.6 FON 2005  |p 4337972  |r 2025-01-20  |w 2019-11-22  |y BK_X  |k ARQ 
952 |0 0  |1 0  |4 0  |6 724_600000000000000_FON_2005  |7 0  |8 X  |9 406458  |a BIBARQ  |b BIBARQ  |d 2019-11-22  |h v.7  |i 4337980  |o 724.6 FON 2005  |p 4337980  |r 2025-01-20  |w 2019-11-22  |y BK_X  |k ARQ 
952 |0 0  |1 0  |4 0  |6 724_600000000000000_FON_2005  |7 0  |8 X  |9 406459  |a BIBARQ  |b BIBARQ  |d 2019-11-22  |h v.8  |i 4337999  |o 724.6 FON 2005  |p 4337999  |r 2025-01-20  |w 2019-11-22  |y BK_X  |k ARQ 
952 |0 0  |1 0  |4 0  |6 724_600000000000000_FON_2005  |7 0  |8 X  |9 406460  |a BIBARQ  |b BIBARQ  |d 2019-11-22  |h v.9  |i 4338006  |o 724.6 FON 2005  |p 4338006  |r 2025-01-20  |w 2019-11-22  |y BK_X  |k ARQ 
952 |0 0  |1 0  |4 0  |6 724_600000000000000_FON_2005  |7 0  |8 X  |9 406461  |a BIBARQ  |b BIBARQ  |d 2019-11-22  |h v.10  |i 4338014  |o 724.6 FON 2005  |p 4338014  |r 2025-01-20  |w 2019-11-22  |y BK_X  |k ARQ 
952 |0 0  |1 0  |4 0  |6 724_600000000000000_FON_2005  |7 0  |8 X  |9 406462  |a BIBARQ  |b BIBARQ  |d 2019-11-22  |h v.11  |i 4338022  |o 724.6 FON 2005  |p 4338022  |r 2025-01-20  |w 2019-11-22  |y BK_X  |k ARQ 
952 |0 0  |1 0  |4 0  |6 724_600000000000000_FON_2005  |7 0  |8 X  |9 406463  |a BIBARQ  |b BIBARQ  |d 2019-11-22  |h v.12  |i 4338030  |o 724.6 FON 2005  |p 4338030  |r 2025-01-20  |w 2019-11-22  |y BK_X  |k ARQ